Central Library OPAC University of Rajshahi

মজলিস / (Record no. 38902)

MARC details
000 -LEADER
fixed length control field 00818nam a2200229 4500
001 - CONTROL NUMBER
control field 38902
003 - CONTROL NUMBER IDENTIFIER
rucl marc code BD-RjUL
005 - DATE AND TIME OF LATEST TRANSACTION
control field 20211209052900.0
008 - FIXED-LENGTH DATA ELEMENTS--GENERAL INFORMATION
fixed length control field 160424t20141997ii a|||| |||| 00| e ben d
020 ## - INTERNATIONAL STANDARD BOOK NUMBER
International Standard Book Number 817215688X
Terms of availability : TK. 450.00
035 ## - SYSTEM CONTROL NUMBER
System control number (BD-RjUL)39012
040 ## - CATALOGING SOURCE
Original cataloging agency BD-RjUL
Language of cataloging ben
Transcribing agency BD-RjUL
041 ## - LANGUAGE CODE
Language code of text/sound track or separate title ben
082 ## - DEWEY DECIMAL CLASSIFICATION NUMBER
Edition number 23
Classification number 891.443
Author mark and year MUM 2014
100 ## - MAIN ENTRY--PERSONAL NAME
Personal name মুখোপাধ্যায়, কুমারপ্রসাদ
9 (RLIN) 120008
245 ## - TITLE STATEMENT
Title মজলিস /
Statement of responsibility, etc. কুমারপ্রসাদ মুখোপাধ্যায়
260 ## - PUBLICATION, DISTRIBUTION, ETC. (IMPRINT)
Place of publication, distribution, etc. কলকাতা :
Name of publisher, distributor, etc. আনন্দ,
Date of publication, distribution, etc. ২০১৪
300 ## - PHYSICAL DESCRIPTION
Pagination ১৮০ পৃ. :
Illustrations চিত্র ;
Size ২১ সেমি.
650 ## - SUBJECT ADDED ENTRY--TOPICAL TERM
Topical term or geographic name as entry element বাংলা উপন্যাস
9 (RLIN) 120009
Topical term or geographic name as entry element Bengali Fiction
9 (RLIN) 120010
942 ## - ADDED ENTRY ELEMENTS (KOHA)
Source of classification or shelving scheme Dewey Decimal Classification
Koha item type Books
Holdings
Lost status Source of classification or shelving scheme Damaged status Not for loan Collection code Permanent Location Current Location Shelving location Date acquired Source of acquisition Cost, normal purchase price Total Checkouts Full call number Date last seen Copy number Koha item type
  Dewey Decimal Classification   Not For Loan Fiction Central Library, University of Rajshahi Central Library, University of Rajshahi Reading Room 23/06/2015 Batighor , Chitagong 450.00   B 891.443 MUM 2014 20/03/2016 C-1 Books
  Dewey Decimal Classification     Fiction Central Library, University of Rajshahi Central Library, University of Rajshahi   23/06/2015 Batighor, Chitagong 450.00   B 891.443 MUM 2014 20/03/2016 C-2 Books
  Dewey Decimal Classification     Fiction Central Library, University of Rajshahi Central Library, University of Rajshahi   23/06/2015 Batighor, Chitagong 450.00   B 891.443 MUM 2014 20/03/2016 C-3 Books